Zákon o finančnej kontrole a audite je v súlade so zákonom o štatutárnom audite?

Vymedzenie definície auditu v kontexte skúmaných zákonov. Východiskové aspekty štatutárneho, vnútorného a vládneho auditu. Vnútorný a vládny audit. Forma prezentácie zistení a výsledkov auditu.

Gespeichert in:
Bibliographische Detailangaben
1. Verfasser: Kareš, Ladislav
Weitere Verfasser: Kňažková, Veronika, 1986-
Format: Buchkapitel
Sprache:Slowakisch
Schlagworte:
Tags: Tag hinzufügen
Keine Tags, Fügen Sie das erste Tag hinzu!

MARC

LEADER 00000naa$a2200000$$$4500
001 0249046
005 20240502074000.9
041 0 |a slo 
044 |a SK 
245 1 0 |a Zákon o finančnej kontrole a audite je v súlade so zákonom o štatutárnom audite?  |c Ladislav Kareš, Veronika Kňažková 
520 |a Vymedzenie definície auditu v kontexte skúmaných zákonov. Východiskové aspekty štatutárneho, vnútorného a vládneho auditu. Vnútorný a vládny audit. Forma prezentácie zistení a výsledkov auditu. 
610 2 0 |a audit 
610 2 0 |a audítori 
610 2 0 |a legislatíva 
610 2 0 |a kontrola finančná 
610 2 0 |a jednotka účtovná 
610 2 0 |a výkazníctvo finančné 
100 1 |a Kareš, Ladislav 
700 1 |a Kňažková, Veronika, 1986-